000 00294nam a2200121Ia 4500
008 190216s9999||||xx |||||||||||||| ||und||
100 _aFrank C Andrews
245 0 _aEquilibrium Statistical Mechanics
260 _bJohn Wiley & Sons
_c1975
300 _a255p
650 _aChemistry
942 _cBK
999 _c2479
_d2479